LEADER 02944nam 2200577 450 001 9910787873003321 005 20200520144314.0 010 $a0-7391-7066-X 035 $a(CKB)2670000000545098 035 $a(EBL)1651783 035 $a(SSID)ssj0001133123 035 $a(PQKBManifestationID)12428551 035 $a(PQKBTitleCode)TC0001133123 035 $a(PQKBWorkID)11156039 035 $a(PQKB)11238193 035 $a(MiAaPQ)EBC1651783 035 $a(Au-PeEL)EBL1651783 035 $a(CaPaEBR)ebr10852641 035 $a(CaONFJC)MIL582512 035 $a(OCoLC)873805776 035 $a(EXLCZ)992670000000545098 100 $a20140405h20142014 uy 0 101 0 $aeng 135 $aur|n|---||||| 181 $ctxt 182 $cc 183 $acr 200 10$aUnderstanding international law through moot courts $egenocide, torture, habeas corpus, chemical weapons, and the responsibility to protect /$fHenry F. Carey and Stacey M. Mitchell 210 1$aLanham, Maryland :$cLexington Books,$d2014. 210 4$dİ2014 215 $a1 online resource (386 p.) 300 $aIncludes index. 311 $a1-4985-5052-5 311 $a0-7391-7065-1 327 $aUNDERSTANDING INTERNATIONAL LAW THROUGH MOOT COURTS; Contents; 1. Crucial Topics for International Law Analysis, Debate, and Moot Courts; 2. The ""Turn to Protection"": International Human Rights Law/International Humanitarian Law and the Implications of their Convergence; 3. Alleged Genocide and Failure to Prevent and Punish Genocide: Nolandia versus Notoria and Idealia; 4. Responsibility to Protect: Prosecutor versus Marmyan President; 5. The Necessity Defense to the Criminal Use of Chemical Weapons: Prosecutor versus the Head of State, Post-War Country 327 $a6. Authorizing the Use of Torture for Interrogation: Prosecutor versus the Ministers of Defense and Justice7. Suspending Habeas Corpus during the War against Terrorism: Middle Eastern Country versus Western Country; Index; About the Contributors 330 $aUnderstanding International Law through Moot Courts: Genocide, Torture, Habeas Corpus, Chemical Weapons, and the Responsibility to Protect analyzes five moot court cases held before the International Court of Justice and the International Criminal Court. These cases offer insight on the international law pertaining to habeas corpus, genocide, the responsibility to protect, chemical weapons, and torture. 606 $aInternational criminal law$xStudy and teaching 606 $aMoot courts 615 0$aInternational criminal law$xStudy and teaching. 615 0$aMoot courts. 676 $a341 700 $aCarey$b Henry F.$f1953-$0296936 702 $aMitchell$b Stacey M. 801 0$bMiAaPQ 801 1$bMiAaPQ 801 2$bMiAaPQ 906 $aBOOK 912 $a9910787873003321 996 $aUnderstanding international law through moot courts$93864274 997 $aUNINA LEADER 01467nas 2200433-a 450 001 996218496503316 005 20240413013938.0 011 $a1784-6838 035 $a(CKB)1000000000365622 035 $a(CONSER)--2010257066 035 $a(DE-599)ZDB2416300-4 035 $a(EXLCZ)991000000000365622 100 $a20081117a20079999 -f- a 101 0 $aeng 181 $ctxt$2rdacontent 182 $cc$2rdamedia 183 $acr$2rdacarrier 200 14$aThe courier $ethe magazine of Africa, Caribbean, Pacific & European Union cooperation and relations 210 $aBrussels, Belgium $c[European Commission] 215 $a1 online resource 311 08$aPrint version: Courier (Brussels, Belgium : 2007) 1784-682X (DLC) 2010257066 (OCoLC)277188494 531 $aCOURIER 606 $aEconomic history$2fast$3(OCoLC)fst00901974 606 $aRelations$2fast$3(OCoLC)fst01892706 606 $aSocial conditions$2fast$3(OCoLC)fst01919811 607 $aDeveloping countries$xEconomic conditions$vPeriodicals 607 $aDeveloping countries$xSocial conditions$vPeriodicals 607 $aDeveloping countries$2fast 608 $aPeriodicals.$2fast 615 7$aEconomic history. 615 7$aRelations. 615 7$aSocial conditions 676 $a338.91/6/04 712 02$aEuropean Commission. 906 $aJOURNAL 912 $a996218496503316 920 $aexl_impl conversion 996 $aThe courier$91898103 997 $aUNISA